[Event "Malaysian Open"]
[Site "Kuala Lumpur MAS"]
[Date "2011.08.23"]
[Round "7.18"]
[White "Bai, Jinshi"]
[Black "Muminova, Nafisa"]
[Result "1/2-1/2"]
[BlackTitle "WIM"]
[WhiteElo "2151"]
[BlackElo "2319"]
[WhiteFideId "8602280"]
[BlackFideId "14201526"]
[EventDate "2011.08.18"]

1. d4 e6 2. c4 Nf6 3. Nc3 d5 4. Nf3 Bb4 5. Bg5 Nbd7 6. e3 c5 7. cxd5 exd5 8. Bd3
Qa5 9. Qc2 c4 10. Bf5 O-O 11. O-O Re8 12. Nd2 g6 13. Bh3 Bxc3 14. Qxc3 Qxc3 15.
bxc3 Ne4 16. Nxe4 dxe4 17. Bxd7 Bxd7 18. a4 b6 19. Rfb1 Rac8 20. Rb4 Kg7 21. Rd1
h6 22. Bf4 g5 23. Bg3 Bg4 24. Rd2 Re7 25. d5 Rd7 26. a5 bxa5 27. Rb5 a4 28. h3 1/2-1/2

[Event "Malaysian Open"]
[Site "Kuala Lumpur MAS"]
[Date "2011.08.23"]
[Round "7.22"]
[White "Shinoda, Taro"]
[Black "Olay, Edgar Reggie"]
[Result "0-1"]
[WhiteElo "1897"]
[BlackElo "2303"]
[WhiteFideId "7001576"]
[BlackFideId "5206189"]
[EventDate "2011.08.18"]

1. d4 d5 2. c4 dxc4 3. e3 Be6 4. Nc3 c6 5. Nf3 b5 6. Ng5 Bd7 7. a4 e6 8. Nf3 Nf6
9. Qc2 Na6 10. Ne5 Nb4 11. Qb1 Nbd5 12. e4 Nxc3 13. bxc3 Be7 14. Be2 O-O 15. g4
Ne8 16. g5 Nc7 17. f4 f6 18. gxf6 Bxf6 19. Ba3 Bh4+ 20. Kd1 Rxf4 21. Bd6 Be8 22.
Nxc4 Rf2 23. Bxc7 Qxc7 24. Ne5 c5 25. Nd3 Rxe2 26. Kxe2 cxd4 27. Qb3 Qc6 28. Kd2
Rc8 29. Ne5 Qd6 30. cxd4 Qxd4+ 31. Nd3 Bg5+ 0-1

[Event "Malaysian Open"]
[Site "Kuala Lumpur MAS"]
[Date "2011.08.23"]
[Round "7.23"]
[White "Kojima, Shinya"]
[Black "Adeimi, Michel"]
[Result "1/2-1/2"]
[WhiteTitle "FM"]
[WhiteElo "2300"]
[BlackElo "1895"]
[WhiteFideId "7000812"]
[BlackFideId "689165"]
[EventDate "2011.08.18"]

1. Nf3 Nf6 2. c4 b6 3. g3 Bb7 4. Bg2 e6 5. O-O g6 6. d4 Bg7 7. Nc3 O-O 8. Qc2 d5
9. Ne5 c6 10. Rd1 Nbd7 11. e4 Nxe4 12. Nxe4 dxe4 13. Bxe4 Nxe5 14. dxe5 Qc7 15.
f4 Rfd8 16. Be3 c5 17. Kf2 Bc6 18. Bxc6 Qxc6 19. Rd3 Bf8 20. Rad1 Be7 21. b3
Rxd3 22. Qxd3 Rd8 23. Qc2 Rxd1 24. Qxd1 Qe4 25. Qd7 Qc2+ 26. Kf3 Bf8 27. Qxa7
Qxh2 28. Qxb6 Qxa2 29. Qb8 Qa5 30. f5 Qc3 31. f6 g5 32. Kf2 Qc2+ 33. Kf1 Qd3+
34. Kf2 Qf5+ 35. Ke2 Qc2+ 36. Kf1 Qd3+ 1/2-1/2

[Event "Malaysian Open"]
[Site "Kuala Lumpur MAS"]
[Date "2011.08.23"]
[Round "7.24"]
[White "Nguyen, Thi Mai Hung"]
[Black "Lei, Tingjie"]
[Result "0-1"]
[WhiteTitle "WIM"]
[WhiteElo "2276"]
[BlackElo "2061"]
[WhiteFideId "12401676"]
[BlackFideId "8605114"]
[EventDate "2011.08.18"]

1. d4 d5 2. Nf3 Nf6 3. c4 c6 4. Nc3 dxc4 5. a4 Bf5 6. e3 e6 7. Bxc4 Bb4 8. O-O
Nbd7 9. Qe2 Bg6 10. Rd1 Qe7 11. Bd3 Bh5 12. e4 e5 13. d5 O-O 14. dxc6 bxc6 15.
Bg5 Nc5 16. Bc2 Ne6 17. Be3 c5 18. Nd5 Nxd5 19. exd5 Nd4 20. Bxd4 cxd4 21. h3
Bd6 22. g4 Bg6 23. Re1 Rae8 24. Bxg6 fxg6 25. Qe4 Qb7 26. Re2 Re7 27. Ng5 Rf4
28. Qg2 d3 29. Rd2 e4 30. Ne6 Rxe6 31. dxe6 Qb4 32. Rad1 Bc5 33. Kh1 Qxa4 34.
Qg3 g5 35. h4 h6 36. hxg5 hxg5 37. f3 Bb4 38. b3 Qc6 39. Rh2 exf3 40. Rf2 Qe4
41. Qh3 Rf6 42. Kg1 Bc5 43. Rf1 d2 44. Qg3 Rf4 45. Kh2 Bxf2 46. Qxf2 Qxe6 47.
Qxd2 Qh6+ 48. Kg1 Rxg4+ 0-1

[Event "Malaysian Open"]
[Site "Kuala Lumpur MAS"]
[Date "2011.08.23"]
[Round "7.26"]
[White "Lim, Yee-Weng"]
[Black "Nakamura, Naohiro"]
[Result "1-0"]
[WhiteTitle "IM"]
[WhiteElo "2253"]
[BlackElo "2033"]
[WhiteFideId "5700590"]
[BlackFideId "7000715"]
[EventDate "2011.08.18"]

1. e4 c6 2. d4 d5 3. f3 Qb6 4. Nc3 dxe4 5. fxe4 e5 6. Nf3 Bg4 7. Bc4 Qc7 8. O-O
Nf6 9. dxe5 Bxf3 10. Qxf3 Qxe5 11. Kh1 Bd6 12. Bf4 Qxf4 13. Qxf4 Bxf4 14. Rxf4
Nbd7 15. e5 Nxe5 16. Re1 Nd7 17. Bxf7+ Ke7 18. Bb3 Rhf8 19. Rd4 Rae8 20. Ne4 Rf4
21. c3 Kd8 22. g3 Nf3 23. Rxd7+ Kxd7 24. Nc5+ Kd6 25. Rxe8 Rf5 26. Ne4+ Kc7 27.
Re7+ Kd8 28. Rf7 1-0

[Event "Malaysian Open"]
[Site "Kuala Lumpur MAS"]
[Date "2011.08.23"]
[Round "7.46"]
[White "Camilia, Bt. Johari"]
[Black "Marret, Benjamin"]
[Result "1/2-1/2"]
[WhiteElo "1753"]
[BlackElo "1821"]
[WhiteFideId "5704677"]
[BlackFideId "20605773"]
[EventDate "2011.08.18"]

1. d4 d5 2. Nf3 Nf6 3. c4 c6 4. Qc2 e6 5. Bg5 Qa5+ 6. Bd2 Bb4 7. e3 Ne4 8. Bd3
f5 9. cxd5 exd5 10. Ne5 O-O 11. f4 Nd7 12. Bxb4 Qxb4+ 13. Nc3 Nxe5 14. fxe5 Qe7
15. O-O Be6 16. Bxe4 fxe4 17. a3 Qg5 18. Qe2 Bg4 19. Qd2 Rf3 20. gxf3 Bxf3+ 21.
Kf2 Qh4+ 22. Kg1 Qg5+ 23. Kf2 Qh4+ 24. Kg1 Qg5+ 25. Kf2 1/2-1/2

[Event "Malaysian Open"]
[Site "Kuala Lumpur MAS"]
[Date "2011.08.23"]
[Round "8.2"]
[White "Wang, Rui"]
[Black "Wen, Yang"]
[Result "1/2-1/2"]
[WhiteTitle "GM"]
[BlackTitle "GM"]
[WhiteElo "2436"]
[BlackElo "2558"]
[WhiteFideId "8601003"]
[BlackFideId "8602956"]
[EventDate "2011.08.18"]

1. d4 Nf6 2. c4 g6 3. Nc3 Bg7 4. e4 d6 5. f3 O-O 6. Be3 e5 7. Nge2 c6 8. Qd2
Nbd7 9. O-O-O a6 10. Kb1 b5 11. Nc1 exd4 12. Bxd4 Re8 13. Nb3 Bf8 14. h4 b4 15.
Ne2 c5 16. Be3 a5 17. Bh6 a4 18. Bxf8 axb3 19. Bxd6 Bb7 20. Nc1 Bxe4+ 21. Bd3
Bxd3+ 22. Qxd3 bxa2+ 23. Ka1 Qb6 24. Rhe1 Rxe1 25. Rxe1 Nf8 26. Be7 Ne8 27. Qd5
Rc8 28. Bxf8 Kxf8 29. Nb3 Ng7 30. Qd7 Qc7 1/2-1/2

[Event "Malaysian Open"]
[Site "Kuala Lumpur MAS"]
[Date "2011.08.23"]
[Round "8.3"]
[White "Lu, Shanglei"]
[Black "Cao, Sang"]
[Result "1/2-1/2"]
[WhiteTitle "IM"]
[BlackTitle "GM"]
[WhiteElo "2526"]
[BlackElo "2533"]
[WhiteFideId "8603332"]
[BlackFideId "725056"]
[EventDate "2011.08.18"]

1. e4 e6 2. d4 d5 3. Nc3 Bb4 4. a3 Bxc3+ 5. bxc3 dxe4 6. Qg4 Nf6 7. Qxg7 Rg8 8.
Qh6 c5 9. Ne2 cxd4 10. cxd4 Nc6 11. Bb2 Bd7 12. Ng3 Qa5+ 13. Qd2 Qxd2+ 14. Kxd2
O-O-O 15. Re1 Ne7 16. Nxe4 Nxe4+ 17. Rxe4 Bc6 18. Rh4 Bxg2 19. Bxg2 Rxg2 20. Ke2
Rd5 21. Rxh7 Rf5 22. Rf1 Nd5 23. Bc1 b5 24. Bd2 Kd7 25. Rh8 Kc6 26. Rc8+ Kb7 27.
Rh8 Kc6 28. Be1 Nf6 29. Rh1 1/2-1/2

[Event "Malaysian Open"]
[Site "Kuala Lumpur MAS"]
[Date "2011.08.23"]
[Round "8.5"]
[White "Dao, Thien Hai"]
[Black "Nolte, Rolando"]
[Result "1/2-1/2"]
[WhiteTitle "GM"]
[BlackTitle "IM"]
[WhiteElo "2492"]
[BlackElo "2433"]
[WhiteFideId "12400084"]
[BlackFideId "5200636"]
[EventDate "2011.08.18"]

1. d4 Nf6 2. c4 g6 3. Nc3 Bg7 4. e4 d6 5. f3 O-O 6. Be3 a6 7. Qd2 Nc6 8. Nge2
Rb8 9. Nc1 e5 10. d5 Nd4 11. Nb3 Nxb3 12. axb3 c5 13. Bd3 Ne8 14. O-O f5 15. f4
Bd7 16. Kh1 Rf7 17. exf5 Bxf5 18. Bxf5 gxf5 19. fxe5 Bxe5 20. Bf4 Bxf4 21. Rxf4
Ng7 22. Raf1 Qe7 23. Ne2 Re8 24. Ng3 Qe3 25. Qc2 Re5 26. R4f3 Qg5 27. Qf2 Rfe7
28. Kg1 b5 29. b4 cxb4 30. cxb5 axb5 31. Qb6 Qg6 32. Qxb5 h5 33. Qxb4 Rxd5 34.
Qc4 Qf7 35. Qc2 Rc5 36. Qd2 Rd5 37. Qg5 Ree5 38. Ra3 Kh7 39. Ra8 Qe7 1/2-1/2

[Event "Malaysian Open"]
[Site "Kuala Lumpur MAS"]
[Date "2011.08.23"]
[Round "8.8"]
[White "Ju, Wenjun"]
[Black "Dimakiling, Oliver"]
[Result "1-0"]
[WhiteTitle "WGM"]
[BlackTitle "IM"]
[WhiteElo "2515"]
[BlackElo "2414"]
[WhiteFideId "8603006"]
[BlackFideId "5202248"]
[EventDate "2011.08.18"]

1. d4 Nf6 2. c4 c6 3. Nc3 g6 4. g3 Bg7 5. Bg2 d5 6. cxd5 cxd5 7. Nf3 O-O 8. Ne5
e6 9. O-O Nfd7 10. f4 Nxe5 11. dxe5 Nc6 12. Be3 f6 13. Bc5 Rf7 14. exf6 Bxf6 15.
e4 Qa5 16. Bf2 d4 17. e5 Bxe5 18. fxe5 dxc3 19. bxc3 Bd7 20. Bd4 Raf8 21. Rxf7
Rxf7 22. Qe2 Nxd4 23. cxd4 Qc3 24. Rd1 Ba4 25. Qd2 Qxd2 26. Rxd2 Rc7 27. d5 exd5
28. Bxd5+ Kg7 29. Kf2 Be8 30. Kf3 b5 31. Ke4 Kf8 32. Rf2+ Ke7 33. Rf6 a5 34.
Re6+ Kf8 35. Ra6 a4 36. Rb6 Ke7 37. g4 g5 38. Kd4 Kf8 39. h3 Ke7 40. a3 Kf8 41.
Rf6+ Ke7 42. Rb6 Kf8 43. e6 Ke7 44. Ke5 h6 45. Rb8 Ra7 46. Rc8 b4 47. axb4 a3
48. Ba2 Rb7 49. Rc5 Bb5 50. Rc3 Ra7 51. Rf3 Be8 52. Kd4 Ra6 53. Rf5 Rd6+ 54. Kc3
Rd1 55. Rf3 Ra1 56. Kb3 Bc6 57. Rd3 Be4 58. Rd2 Kxe6 59. Kxa3+ Ke5 60. b5 Rh1
61. Kb4 Rxh3 62. b6 Re3 63. Rd7 Kf4 64. Re7 Re2 65. Bd5 Bxd5 66. Rxe2 Kxg4 67.
Kc5 Ba8 68. Re8 Bg2 69. Rd8 Bb7 70. Rd7 Ba8 71. Ra7 Bg2 72. Kd4 h5 73. Ke3 Kg3
74. Ra5 Kh4 75. Kf2 Bh1 76. Ra7 Kh3 77. Kg1 Be4 78. Ra3+ 1-0

[Event "Malaysian Open"]
[Site "Kuala Lumpur MAS"]
[Date "2011.08.23"]
[Round "8.20"]
[White "Olay, Edgar Reggie"]
[Black "Bai, Jinshi"]
[Result "1/2-1/2"]
[WhiteElo "2303"]
[BlackElo "2151"]
[WhiteFideId "5206189"]
[BlackFideId "8602280"]
[EventDate "2011.08.18"]

1. d4 d5 2. c4 c6 3. Nf3 Nf6 4. Nc3 dxc4 5. a4 Bf5 6. e3 e6 7. Bxc4 Bb4 8. O-O
O-O 9. Qe2 Nbd7 10. e4 Bg6 11. e5 Nd5 12. Nxd5 cxd5 13. Bd3 Be7 14. Bxg6 hxg6
15. Be3 Nb8 16. g3 Nc6 17. Kg2 Rc8 18. h4 Nb4 19. Rac1 Qa5 20. b3 Qa6 21. Qxa6
Nxa6 22. Rb1 Nb4 23. Rh1 f6 24. g4 Nc2 25. Bd2 Bb4 26. Bxb4 Nxb4 27. h5 gxh5 28.
Rxh5 Nd3 29. Rh2 Rc2 30. Kg3 fxe5 31. Rbh1 Rc3 32. Rh8+ Kf7 33. Ng5+ Ke7 34.
Rxf8 Kxf8 35. dxe5 Nxe5+ 36. f3 Ke7 37. Re1 Kd6 38. b4 Rb3 39. Re2 Rxb4 40. a5
Rb3 41. Kg2 d4 42. f4 Nxg4 43. Rxe6+ Kd5 44. Re7 g6 45. Rd7+ Kc4 46. Nf3 Ne3+
47. Kf2 Rb2+ 48. Kg1 Rg2+ 49. Kh1 Rf2 50. Ne5+ Kc3 51. Rc7+ Kd2 52. Rxb7 Rxf4
53. Rxa7 Rf5 54. Re7 Nd5 55. Re8 Nc7 56. Re7 Nd5 57. Re8 Nf6 58. Re7 Rh5+ 59.
Kg2 Nd5 60. Nf3+ Kc3 61. Rd7 Ne3+ 62. Kf2 1/2-1/2

[Event "Malaysian Open"]
[Site "Kuala Lumpur MAS"]
[Date "2011.08.23"]
[Round "8.31"]
[White "Milligan, Helen"]
[Black "Tan, Justin2"]
[Result "1/2-1/2"]
[WhiteTitle "WFM"]
[WhiteElo "1965"]
[BlackElo "2161"]
[WhiteFideId "2401312"]
[BlackFideId "3206882"]
[EventDate "2011.08.18"]

1. e4 e5 2. Nf3 Nc6 3. Bb5 a6 4. Ba4 Nf6 5. O-O Be7 6. Re1 b5 7. Bb3 d6 8. c3
O-O 9. h3 Nb8 10. d4 Nbd7 11. Nbd2 Bb7 12. Bc2 Re8 13. Nf1 Bf8 14. Ng3 g6 15.
Bg5 h6 16. Bd2 exd4 17. cxd4 c5 18. d5 Nb6 19. b3 Bg7 20. Rc1 Nfd7 21. Bb1 b4
22. Nh2 Kh7 23. Ng4 Ne5 24. Be3 Qh4 25. Nxe5 Bxe5 26. Ne2 Bb2 27. Rc2 Bg7 28.
Bf4 Rad8 29. f3 a5 30. Bg3 Qf6 31. Nf4 h5 32. Rce2 Kg8 33. Nd3 Nd7 34. Nb2 Nb6
35. Bd3 Qg5 36. Bf2 Bc3 37. Rf1 Be5 38. Rc2 h4 39. Qe1 Qf4 40. g3 hxg3 41. Be3
Qh4 42. Kg2 g5 43. Bb5 Re7 44. Nd3 f5 45. Nxe5 Rxe5 46. Bxg5 Qxg5 47. f4 Qg7 48.
fxe5 fxe4 1/2-1/2

[Event "Malaysian Open"]
[Site "Kuala Lumpur MAS"]
[Date "2011.08.23"]
[Round "8.32"]
[White "Narayanan, Renitha"]
[Black "Chong, Chor Yuen"]
[Result "0-1"]
[WhiteElo "1717"]
[BlackElo "2071"]
[WhiteFideId "5702909"]
[BlackFideId "6000320"]
[EventDate "2011.08.18"]

1. d4 Nf6 2. c4 e6 3. Nc3 Bb4 4. Qc2 O-O 5. Nf3 d5 6. a3 Bxc3+ 7. Qxc3 Ne4 8.
Qc2 Nd7 9. Bf4 c6 10. cxd5 exd5 11. e3 Ndf6 12. Bd3 Re8 13. h3 h6 14. O-O Be6
15. b4 Qc8 16. Ne5 Bf5 17. f3 Nd6 18. Rae1 Bxd3 19. Qxd3 Re6 20. Qc2 Qe8 21. Re2
Nh5 22. Bh2 a5 23. Rfe1 axb4 24. axb4 Ra3 25. e4 dxe4 26. fxe4 Ng3 27. Bxg3 Rxg3
28. Kh2 Ra3 29. Nc4 Ra8 30. d5 Rg6 31. Kh1 Nxc4 32. Qxc4 Qe5 33. b5 Ra5 34. dxc6
bxc6 35. bxc6 Rc5 36. Qd3 Rd6 37. Qf3 Rdxc6 38. Re3 Rc8 39. Qg4 Re8 40. Qf3 Qg5
41. Qf2 Rce5 42. Qa2 Qe7 43. Qc4 Kh8 44. g4 f6 45. Qe2 Qb4 46. Qf3 Rd8 47. R3e2
Qc4 48. Re3 Rd2 49. R3e2 Rd4 50. Re3 Rd8 51. R3e2 Rb8 52. Re3 Qa2 53. R3e2 Rb2
54. Rxb2 Qxb2 55. Qe2 Qc3 56. Qe3 Qc2 57. Qe2 Qc6 58. Qf3 Qe8 59. Qe2 Qg6 60.
Qf3 Qg5 61. Qe2 Qg6 62. Qf3 Qg5 63. Qe2 Qh4 64. Qe3 h5 65. Rg1 Rxe4 66. Qc3 Re8
67. Qg3 Qg5 68. gxh5 Qxg3 69. Rxg3 Kh7 70. Kg2 Re5 71. Rc3 Kh6 72. Kg3 Kxh5 73.
Rf3 Rg5+ 74. Kh2 Ra5 75. Kg3 f5 76. Rc3 g6 77. Rd3 Ra8 78. Rc3 g5 79. Rd3 f4+
80. Kg2 Kh4 81. Rf3 Ra2+ 82. Kg1 Re2 83. Kf1 Re3 84. Rf2 Rxh3 85. Kg2 Ra3 86.
Kh2 f3 0-1

[Event "Malaysian Open"]
[Site "Kuala Lumpur MAS"]
[Date "2011.08.23"]
[Round "8.33"]
[White "Nakamura, Naohiro"]
[Black "Nur, Nabila Azman Hisham"]
[Result "1/2-1/2"]
[BlackTitle "WCM"]
[WhiteElo "2033"]
[BlackElo "1894"]
[WhiteFideId "7000715"]
[BlackFideId "5702135"]
[EventDate "2011.08.18"]

1. Nf3 Nf6 2. c4 b6 3. g3 Bb7 4. Bg2 g6 5. O-O Bg7 6. Nc3 c5 7. Rb1 O-O 8. d3 d5
9. Nd2 Na6 10. a3 Qd7 11. cxd5 Nxd5 12. Nxd5 Bxd5 13. Bxd5 Qxd5 14. b4 cxb4 15.
axb4 Qb5 16. Qb3 Rac8 17. Bb2 Bxb2 18. Rxb2 Rc7 19. Ra1 Nb8 20. Rba2 Nc6 21. Qa4
Qxb4 22. Qxb4 Nxb4 23. Rxa7 Rc2 24. Ne4 e6 25. Kf1 Nd5 26. Rb7 Rc7 27. Rxc7 Nxc7
28. Ra7 Nd5 29. Nd6 f5 30. Rb7 Rd8 31. Nc4 Ra8 32. Nxb6 Ra1+ 33. Kg2 Rb1 34.
Rb8+ Kf7 35. Nd7 Rxb8 36. Nxb8 Ke7 37. Nc6+ Kd6 38. Na5 e5 39. Nc4+ Ke6 40. Kf3
Nc3 41. e4 Nb5 42. Ne3 fxe4+ 43. dxe4 Nc3 44. h4 Kd6 45. h5 Ke6 46. hxg6 hxg6
47. Nc4 g5 48. Nd2 Nd1 49. Ke2 Nc3+ 50. Ke3 Nd1+ 51. Kf3 Kf6 52. Nb3 g4+ 53.
Kxg4 Nxf2+ 54. Kf3 Nd3 55. Ke3 Nb4 56. Nc5 Kg5 57. Kf3 Nc6 58. Ne6+ Kf6 59. Nc7
Kg5 60. Nb5 Na5 61. Nd6 Nb3 62. Nc4 Nd4+ 63. Ke3 Nc6 64. Kf3 Nd4+ 65. Kg2 Kf6
66. Kh3 Ne6 67. Kg4 Nc5 68. Nd2 Kg6 69. Kh4 Kh6 70. g4 Kg6 71. g5 Nd3 72. Nf3
Nf2 73. Nxe5+ Kg7 74. g6 Nxe4 75. Kh5 Nc5 76. Nf3 Ne6 77. Nh4 Nf4+ 78. Kg5 Nxg6
79. Nxg6 1/2-1/2

[Event "Malaysian Open"]
[Site "Kuala Lumpur MAS"]
[Date "2011.08.23"]
[Round "8.35"]
[White "Ismail, Ahmad"]
[Black "Yong, Han Shawn"]
[Result "1-0"]
[WhiteElo "1989"]
[BlackElo "1824"]
[WhiteFideId "5700655"]
[BlackFideId "5802377"]
[EventDate "2011.08.18"]

1. d4 Nf6 2. Nf3 e6 3. Bf4 c5 4. e3 b6 5. Bd3 Bb7 6. O-O Be7 7. Nc3 O-O 8. a4 d5
9. Ne5 Nc6 10. Nxc6 Bxc6 11. Qf3 c4 12. Bxc4 Qd7 13. Bd3 a6 14. Qh3 b5 15. Be5
h6 16. axb5 axb5 17. f4 b4 18. Ne2 Rxa1 19. Rxa1 Ne4 20. f5 exf5 21. Rf1 Bg5 22.
Bf4 g6 23. Bxg5 hxg5 24. Qh6 Qe7 25. Bxe4 fxe4 26. Ng3 Bb5 27. Rf5 Ra8 28. Nh5
Ra1+ 29. Kf2 Rf1+ 30. Kg3 Qd6+ 31. Re5 Qf8 32. Qxg5 Qc8 33. Rxd5 Qc7+ 34. Nf4
Bd7 35. Rc5 Qb6 36. Qe7 Bf5 37. Rd5 Kg7 38. Rd8 Qa5 39. Qh4 1-0

[Event "Malaysian Open"]
[Site "Kuala Lumpur MAS"]
[Date "2011.08.23"]
[Round "8.36"]
[White "Lee, Kah Meng Elgin"]
[Black "William, Lee Kah Howe"]
[Result "1-0"]
[WhiteElo "1985"]
[BlackElo "1800"]
[WhiteFideId "5701996"]
[BlackFideId "5702240"]
[EventDate "2011.08.18"]

1. d4 d6 2. c4 e5 3. d5 f5 4. Nc3 Nf6 5. Qc2 g6 6. e4 Bg7 7. Bd3 O-O 8. Nge2 f4
9. f3 Nh5 10. Bd2 Qh4+ 11. Kd1 Qe7 12. Be1 g5 13. h3 a5 14. a3 Bd7 15. Bf2 Nf6
16. Kd2 Na6 17. Nc1 b6 18. Be2 Nc5 19. Nd3 a4 20. Bxc5 bxc5 21. Rhb1 Rfb8 22. b3
Qe8 23. b4 cxb4 24. axb4 a3 25. Ra2 Ba4 26. Nxa4 Rxa4 27. Rba1 Rba8 28. Qb3 Qh5
29. Rxa3 Rxa3 30. Rxa3 Rxa3 31. Qxa3 Qh4 32. Qa8+ Kf7 33. Qc6 Ne8 34. Qd7+ Kf8
35. Qg4 Qh6 36. Qf5+ Ke7 37. c5 Qh4 38. Qe6+ Kf8 39. Qg4 Qxg4 40. hxg4 Ke7 41.
Nb2 Bf8 42. Kc3 Nf6 43. Bb5 h5 44. gxh5 g4 45. Nc4 Nxh5 46. cxd6+ cxd6 47. Bc6
g3 48. b5 Nf6 49. b6 Kd8 50. b7 Kc7 51. Kd3 Nh7 52. Ke2 Ng5 53. Nb6 1-0

[Event "Malaysian Open"]
[Site "Kuala Lumpur MAS"]
[Date "2011.08.23"]
[Round "8.37"]
[White "Zelesco, Karl"]
[Black "Karunanayake, Mayuri"]
[Result "1-0"]
[WhiteElo "2013"]
[BlackElo "1667"]
[WhiteFideId "3213390"]
[BlackFideId "9900390"]
[EventDate "2011.08.18"]

1. e4 c5 2. Nf3 d6 3. d4 cxd4 4. Nxd4 Nf6 5. Nc3 g6 6. Be3 Bg7 7. f3 O-O 8. Qd2
Nc6 9. Bc4 Bd7 10. Bb3 Ne5 11. O-O-O Rb8 12. g4 b5 13. h4 Nc4 14. Bxc4 bxc4 15.
Kb1 Qb6 16. b3 Qb4 17. g5 cxb3 18. cxb3 Nh5 19. Nd5 Qa3 20. Nxe7+ Kh8 21. Rc1 a5
22. Rc7 Ba4 23. Qc1 Qxc1+ 24. Rhxc1 f6 25. Ne6 Rfe8 26. Nxg7 Nxg7 27. gxf6 Ne6
28. Rc8 Bd7 29. Rxe8+ Rxe8 30. Rd1 Nc7 31. f7 Rf8 32. Bd4# 1-0

[Event "Malaysian Open"]
[Site "Kuala Lumpur MAS"]
[Date "2011.08.23"]
[Round "8.39"]
[White "Subramaniam, Sumant"]
[Black "Tan, Li Ting"]
[Result "0-1"]
[WhiteElo "2117"]
[BlackElo "1846"]
[WhiteFideId "5702720"]
[BlackFideId "5704820"]
[EventDate "2011.08.18"]

1. e4 c6 2. d3 d5 3. Nd2 e6 4. Ngf3 Nd7 5. g3 g6 6. Bg2 Bg7 7. O-O Ne7 8. Rb1
O-O 9. Re1 b6 10. b4 c5 11. bxc5 Nxc5 12. Ba3 Qc7 13. Qe2 Bb7 14. c4 dxe4 15.
Nxe4 Bxe4 16. dxe4 Rfd8 17. Red1 Nc6 18. Qc2 Rab8 19. Rxd8+ Rxd8 20. Bc1 Nd4 21.
Nxd4 Bxd4 22. Bf4 Qd7 23. Bg5 f6 24. Bh6 e5 25. h4 Qg4 26. Rf1 Qxg3 0-1

[Event "Malaysian Open"]
[Site "Kuala Lumpur MAS"]
[Date "2011.08.25"]
[Round "9.1"]
[White "Li, Shilong"]
[Black "Wan, Yunguo"]
[Result "1/2-1/2"]
[WhiteTitle "GM"]
[WhiteElo "2520"]
[BlackElo "2462"]
[WhiteFideId "8600678"]
[BlackFideId "8603189"]
[EventDate "2011.08.18"]

1. d4 Nf6 2. c4 g6 3. Nc3 Bg7 4. e4 d6 5. Nf3 O-O 6. Be2 e5 7. O-O Nc6 8. dxe5
Nxe5 9. Nxe5 dxe5 10. Be3 Qxd1 11. Rfxd1 c6 12. f3 Be6 13. b4 Rfc8 14. Rab1 Bf8
15. Kf1 Kg7 16. a4 Nd7 17. a5 b6 18. Na4 Rab8 19. axb6 axb6 20. c5 bxc5 21. Nxc5
Nxc5 1/2-1/2

[Event "Malaysian Open"]
[Site "Kuala Lumpur MAS"]
[Date "2011.08.25"]
[Round "9.2"]
[White "Lu, Shanglei"]
[Black "Wang, Rui"]
[Result "1-0"]
[WhiteTitle "IM"]
[BlackTitle "GM"]
[WhiteElo "2526"]
[BlackElo "2436"]
[WhiteFideId "8603332"]
[BlackFideId "8601003"]
[EventDate "2011.08.18"]

1. e4 e5 2. Nc3 Nf6 3. g3 Bc5 4. Bg2 O-O 5. Nge2 Nc6 6. O-O a6 7. d3 d6 8. h3
Nd4 9. Kh2 Nxe2 10. Qxe2 Kh8 11. f4 Ng8 12. f5 f6 13. h4 b5 14. Be3 Bb7 15. g4
Bxe3 16. Qxe3 c5 17. Rf2 Rc8 18. b3 Ne7 19. a4 d5 20. exd5 b4 21. Ne2 Nxd5 22.
Qg3 Qd7 23. g5 Rce8 24. Be4 Re7 25. Rg1 Qe8 26. Qf3 Qd7 27. Rfg2 Nc3 28. Nxc3
bxc3 29. g6 Bxe4 30. dxe4 h6 31. Rd1 Qc6 32. Rd5 Rd7 33. Rxd7 Qxd7 34. Qxc3 Qd4
35. Qxd4 cxd4 36. c3 dxc3 37. Rc2 Rc8 38. Kg3 Kg8 39. Kf3 Kf8 40. Ke3 Ke7 41.
Kd3 Rd8+ 42. Kxc3 Rd4 43. Kb2 Kd6 44. Rc8 Rxe4 45. Rd8+ Kc6 46. Rg8 Rxh4 47.
Rxg7 Rf4 48. Rg8 Rg4 49. Rf8 Rg5 50. Rxf6+ Kd5 51. Rf7 e4 52. g7 e3 53. f6 1-0

[Event "Malaysian Open"]
[Site "Kuala Lumpur MAS"]
[Date "2011.08.25"]
[Round "9.3"]
[White "Wen, Yang"]
[Black "Nguyen, Duc Hoa"]
[Result "1-0"]
[WhiteTitle "GM"]
[BlackTitle "IM"]
[WhiteElo "2558"]
[BlackElo "2452"]
[WhiteFideId "8602956"]
[BlackFideId "12401358"]
[EventDate "2011.08.18"]

1. d4 e6 2. c4 Bb4+ 3. Bd2 a5 4. g3 Nc6 5. Bg2 d6 6. a3 Bxd2+ 7. Qxd2 Nh6 8. e3
O-O 9. Ne2 e5 10. Nbc3 a4 11. O-O Na5 12. Qc2 Be6 13. dxe5 dxe5 14. Rad1 Qb8 15.
Nd5 Nb3 16. Nec3 Nc5 17. Ne4 Nxe4 18. Qxe4 f6 19. c5 Re8 20. Qb4 Nf7 21. Nc3 Qa7
22. c6 b6 23. Nb5 Qb8 24. Bd5 Qc8 25. Bxe6 Rxe6 26. Qc4 Re7 27. Rd5 Qe6 28. Rfd1
g6 29. h4 Kg7 30. Qc3 Ra5 31. Qb4 Nd6 32. Nxc7 Rxc7 33. Rxd6 Qc8 34. Rd7+ Kh6
35. Qe7 1-0

[Event "Malaysian Open"]
[Site "Kuala Lumpur MAS"]
[Date "2011.08.25"]
[Round "9.4"]
[White "Bitoon, Richard"]
[Black "Sanchez, Joseph"]
[Result "0-1"]
[WhiteTitle "IM"]
[BlackTitle "GM"]
[WhiteElo "2491"]
[BlackElo "2534"]
[WhiteFideId "5201110"]
[BlackFideId "5201233"]
[EventDate "2011.08.18"]

1. e4 c5 2. Nf3 Nc6 3. d4 cxd4 4. Nxd4 Nf6 5. Nc3 e5 6. Ndb5 d6 7. Bg5 a6 8. Na3
b5 9. Nd5 Be7 10. Bxf6 Bxf6 11. c4 b4 12. Nc2 O-O 13. g3 Bg5 14. h4 Bh6 15. Bh3
Bxh3 16. Rxh3 Rb8 17. Kf1 b3 18. axb3 Rxb3 19. Rxa6 Qc8 20. Rxc6 Qxh3+ 21. Kg1
g6 22. Rxd6 Rxb2 23. c5 Rfb8 24. Rb6 R8xb6 25. cxb6 Bf8 26. Qa1 Bc5 27. Nce3 Rb5
28. Nf6+ Kg7 29. Nh5+ Kh6 30. Nf4 Bd4 31. Qd1 Qc8 32. Nfd5 Bxe3 33. Nxe3 Rxb6
34. Ng4+ Kg7 35. Nxe5 Qb7 36. Qd4 Rb1+ 37. Kh2 Qb6 38. Qxb6 Rxb6 39. Nd7 Rc6 40.
e5 Rc7 41. Nf6 Rc5 42. f4 h5 43. Kg2 Rc2+ 44. Kf3 Rc3+ 45. Kf2 Kf8 46. Ne4 Ra3
47. Ng5 Ke7 48. Kg2 f6 49. Nf3 Ke6 50. exf6 Kxf6 51. Ne5 Kf5 52. Kf2 Ke4 53. Kg2
Ra2+ 54. Kh3 Ra6 55. Kg2 Ke3 56. Kh3 Kf2 57. g4 Ra3+ 58. Kh2 0-1